Jeux de Squid Game - Statistiques

Statistiques générales
  • Ce quiz a été pris 1 567 fois
  • Le résultat moyen est 7 sur 14
Statistiques - réponses
Hint Réponse % Correct
Première épreuve Un, deux, trois, soleil
99%
Première épreuve Un, deux, trois, soleil
99%
Troisième épreuve Tir à la corde
76%
Dernière épreuve Jeu du calamar | Squid game
69%
Quatrième épreuve Billes
62%
Deuxième épreuve Dalgona
60%
Cinquième épreuve Pont de verre
54%
Troisième épreuve Carrousel
47%
Quatrième Mini-jeu Toupie
36%
Troisième Mini-jeu Gonggi | Osselets
33%
Deuxième épreuve Pentathlon à six jambes
32%
Deuxième Mini-jeu Biseokchigi | Pierre volante
19%
Cinquième Mini-jeu Jegichagi | Volant
19%
Premier Mini-jeu Ddakji
17%
Aucun quiz correspondant
Distribution des résultats
% des personnes avec chaque résultat
Percentile par nombre de réponses
Votre historique - résultats
Vous n’avez pas pris ce quiz